000 00333nam a2200145Ia 4500
005 20251222141920.0
008 251222s9999||||xx |||||||||||||| ||spa||
020 _a8483102862
082 _a839.78/M22
100 _aMankell, Henning
245 0 _aCortafuegos
250 _a1ra.ed.
264 _bTusquets Editores,S.A.
942 _cLIB
999 _c8679
_d8679